000 00323nam a22001217a 4500
999 _c7908
_d7909
008 190425b ||||| |||| 00| 0 eng d
082 _a306 G29n 1957
100 _a GEDDES, William Robert
245 _aNine Dayak nights.
260 _aLondon;
_bprinted in U.S.A.,
_c1968.
300 _a xxxi. 144. p
_c20 cm.
942 _2ddc